000 00643nam a22002177a 4500
005 20170124105929.0
010 _aA-544272
020 _c40.00
_a8185159130
035 _aA-544272
037 _bCen Lib/Ret
040 _aDPL
_bEN
082 _a305.26
100 _aWilliams, Trevor
_97760
245 _aThe practical guide to the art of living /
_cby Trevor Williams
260 _aNew Delhi
_bSwan Publishers
_c1992
270 _bNew Delhi
_aB/205, west patel nagar
_e110008
300 _a59p..
_c17cm(Hb)
650 _aLong life
_vGuide
_97761
650 _aHealthy life
_97762
942 _2ddc
_cEN
_h305.26
_mWIL
999 _c123708
_d123708